[Event "BL 2425 SG Solingen - Düsseldorfer SK"]
[Site "?"]
[Date "2025.04.25"]
[Round "13.8"]
[White "Schaefer, Markus"]
[Black "Bologan, Victor"]
[Result "0-1"]
[WhiteElo "2362"]
[BlackElo "2605"]
[PlyCount "120"]
[EventDate "2025.??.??"]

1. e4 c5 2. Nf3 e6 3. d4 cxd4 4. Nxd4 Nf6 5. Nc3 Bb4 6. Bd3 d6 7. Nde2 h6 8. O-O Nc6 9. Kh1 a6 10. f4 Bc5 11. Qe1 Bd7 12. Qg3 g6 13. Be3 Bxe3 14. Qxe3 O-O 15. Rae1 Kg7 16. Ng1 d5 17. Nf3 dxe4 18. Bxe4 Qc7 19. Bd3 Rfd8 20. Ne5 Be8 21. a3 Rac8 22. Qf2 Ne7 23. Ne4 Neg8 24. Nd2 Qc5 25. Qg3 Ne7 26. Ne4 Nf5 27. Qh3 Nxe4 28. Rxe4 Bb5 29. c4 Bc6 30. b4 Qd6 31. Ree1 Qd4 32. Bxf5 exf5 33. Nxc6 Rxc6 34. c5 Re6 35. Qf3 Re4 36. h3 Qd3 37. Rd1 Qxf3 38. gxf3 Red4 39. Rxd4 Rxd4 40. Kg2 Rxf4 41. Rc1 Rd4 42. c6 bxc6 43. Rxc6 Rd2+ 44. Kg1 Rd3 45. Rxa6 Rxf3 46. a4 g5 47. a5 g4 48. hxg4 fxg4 49. Rc6 Ra3 50. a6 h5 51. b5 Ra5 52. Rc8 h4 53. Rc4 Ra1+ 54. Kg2 h3+ 55. Kg3 f5 56. Rc2 Kf6 57. Kh2 Kg5 58. Rc8 Ra2+ 59. Kg1 g3 60. Rc1 Kg4 0-1

[Event "BL 2425 FC St. Pauli - SV Werder Bremen"]
[Site "?"]
[Date "2025.04.25"]
[Round "13.1"]
[White "Ivic, Velimir"]
[Black "Christiansen, Johan-Sebastian"]
[Result "1-0"]
[WhiteElo "2623"]
[BlackElo "2658"]
[PlyCount "81"]
[EventDate "2025.??.??"]

1. c4 c5 2. Nf3 Nc6 3. Nc3 g6 4. e3 Nf6 5. d4 cxd4 6. exd4 d5 7. cxd5 Nxd5 8. Qb3 e6 9. Bb5 Bg7 10. O-O O-O 11. Bxc6 bxc6 12. Re1 Qc7 13. Bd2 Rb8 14. Nxd5 cxd5 15. Qa3 Qb7 16. b3 Bd7 17. Bf4 Rbc8 18. Bd6 Rfe8 19. Rac1 Rxc1 20. Rxc1 Rc8 21. Rxc8+ Qxc8 22. Bc5 a6 23. Qa5 Be8 24. a4 f6 25. Ne1 Qb7 26. Qd8 Kf7 27. h3 Bh6 28. Nd3 Qd7 29. Qa8 Qc6 30. Qa7+ Bd7 31. Nb4 Qc8 32. Nxa6 Kg8 33. a5 Bf4 34. g3 Bb5 35. gxf4 Bxa6 36. Qe7 e5 37. fxe5 fxe5 38. dxe5 Qf5 39. e6 Qf4 40. Qd8+ Kg7 41. Be3 1-0

[Event "BL 2425 FC St. Pauli - SV Werder Bremen"]
[Site "?"]
[Date "2025.04.25"]
[Round "13.2"]
[White "Bjerre, Jonas Buhl"]
[Black "Aditya Mittal"]
[Result "1-0"]
[WhiteElo "2636"]
[BlackElo "2550"]
[PlyCount "105"]
[EventDate "2025.??.??"]

1. e4 e5 2. Nf3 Nc6 3. Bb5 a6 4. Ba4 Nf6 5. d3 d6 6. c3 g6 7. O-O Bg7 8. h3 O-O 9. Be3 d5 10. Nbd2 b5 11. Bc2 a5 12. a4 b4 13. Re1 Re8 14. Bg5 d4 15. cxd4 Nxd4 16. Nxd4 Qxd4 17. Be3 Qd6 18. Nc4 Qe7 19. Bb3 Be6 20. Rc1 Red8 21. Qc2 Ne8 22. Nd2 Qd7 23. Bxe6 Qxe6 24. Nb3 Bf8 25. d4 Qd7 26. dxe5 Qxa4 27. Ra1 Qb5 28. Nd4 Qc5 29. Qxc5 Bxc5 30. Nc6 Bxe3 31. Rxe3 Rd2 32. b3 Ng7 33. Nxb4 Ne6 34. Nd5 Nd4 35. Ra4 Rb8 36. Rxa5 Nxb3 37. Nf6+ Kg7 38. Rd5 Nd4 39. Kh2 Rbb2 40. Rg3 Ne2 41. Ra3 Nf4 42. Ne8+ Kf8 43. Rxd2 Rxd2 44. Ra8 h5 45. Kg3 g5 46. h4 Ne2+ 47. Kf3 gxh4 48. Ke3 Rc2 49. Nd6+ Ke7 50. Nf5+ Kd7 51. Rf8 Ng1 52. Rxf7+ Ke8 53. e6 1-0

[Event "BL 2425 FC St. Pauli - SV Werder Bremen"]
[Site "?"]
[Date "2025.04.25"]
[Round "13.3"]
[White "Efimenko, Zahar"]
[Black "Socko, Bartosz"]
[Result "0-1"]
[WhiteElo "2570"]
[BlackElo "2570"]
[PlyCount "102"]
[EventDate "2025.??.??"]

1. e4 e5 2. Nf3 Nf6 3. d4 Nxe4 4. Bd3 d5 5. Nxe5 Nd7 6. O-O Nxe5 7. dxe5 Nc5 8. Be3 Nxd3 9. Qxd3 Be7 10. Nc3 c6 11. f4 g6 12. Ne2 Bf5 13. Qc3 O-O 14. Ng3 Qd7 15. Rad1 f6 16. b4 Bg4 17. Rde1 fxe5 18. fxe5 Rxf1+ 19. Rxf1 Bf8 20. Bc5 Bg7 21. h3 Be6 22. Qe3 a5 23. a3 axb4 24. axb4 Re8 25. Bd6 Bxh3 26. gxh3 Qxd6 27. exd6 Rxe3 28. d7 Bd4 29. Kg2 Bb6 30. Ra1 Kf7 31. Ra7 Ke6 32. Rxb7 Bd8 33. b5 cxb5 34. Rxb5 Bh4 35. Rb3 Rxb3 36. cxb3 Kxd7 37. Ne2 Kd6 38. Kf3 Bg5 39. Nd4 Bf6 40. Nc2 Ke5 41. Ke3 Be7 42. b4 Bd8 43. b5 Bb6+ 44. Kd3 g5 45. Nb4 h5 46. Ke2 Ke4 47. Nd3 g4 48. hxg4 hxg4 49. Ne1 d4 50. Ng2 d3+ 51. Kd1 Bf2 0-1

[Event "BL 2425 FC St. Pauli - SV Werder Bremen"]
[Site "?"]
[Date "2025.04.25"]
[Round "13.4"]
[White "Janik, Igor"]
[Black "Hracek, Zbynek"]
[Result "1/2-1/2"]
[WhiteElo "2520"]
[BlackElo "2538"]
[PlyCount "55"]
[EventDate "2025.??.??"]

1. c4 e6 2. Nf3 d5 3. g3 Nf6 4. Bg2 Be7 5. O-O O-O 6. b3 a5 7. Nc3 c6 8. Bb2 b6 9. Rc1 Bb7 10. d4 Nbd7 11. Re1 Rc8 12. Qd3 h6 13. e4 dxe4 14. Nxe4 c5 15. Nxf6+ Bxf6 16. Rcd1 Qc7 17. Qe2 Bxf3 18. Bxf3 Rcd8 19. d5 exd5 20. Bxd5 Bxb2 21. Qxb2 Rfe8 22. Rxe8+ Rxe8 23. Qd2 Nf6 24. Bf3 Re7 25. Qd8+ Qxd8 26. Rxd8+ Re8 27. Rd6 Re6 28. Rd8+ 1/2-1/2

[Event "BL 2425 FC St. Pauli - SV Werder Bremen"]
[Site "?"]
[Date "2025.04.25"]
[Round "13.5"]
[White "Babula, Vlastimil"]
[Black "Feuerstack, Aljoscha"]
[Result "1/2-1/2"]
[WhiteElo "2493"]
[BlackElo "2458"]
[PlyCount "176"]
[EventDate "2025.??.??"]

1. d4 d5 2. c4 c5 3. cxd5 Qxd5 4. Nf3 cxd4 5. Nc3 Qa5 6. Nxd4 Nf6 7. g3 e5 8. Nb3 Qc7 9. Bg2 Bb4 10. Bd2 O-O 11. O-O Nc6 12. Rc1 Rd8 13. a3 Be7 14. Na4 Be6 15. Nbc5 Bd5 16. e4 Ba2 17. b4 b6 18. Nc3 bxc5 19. Nxa2 cxb4 20. Nxb4 Bxb4 21. axb4 Qb7 22. Qe1 Nd4 23. f4 Nb3 24. Rc2 Nxd2 25. Rxd2 Re8 26. Ra2 Rab8 27. Qf2 Re7 28. h3 Nxe4 29. Bxe4 Qxe4 30. Rxa7 exf4 31. Rxe7 Qxe7 32. Qxf4 Rxb4 33. Qd2 g6 34. Re1 Qc5+ 35. Kh2 Rc4 36. Re2 Kg7 37. h4 h5 38. Qb2+ Kh7 39. Qe5 Qc6 40. Rf2 Qd7 41. Qf6 Rc7 42. Kg2 Kg8 43. Rb2 Qd5+ 44. Kh2 Rc8 45. Re2 Qc4 46. Rd2 Kh7 47. Rf2 Rc7 48. Qf4 Qc5 49. Qf6 Rd7 50. Kg2 Kg8 51. Re2 Qc8 52. Qe5 Qc6+ 53. Qe4 Qb5 54. Qe5 Qb7+ 55. Qe4 Rd5 56. Kh2 Kg7 57. Qc4 Qd7 58. Qc3+ Kh7 59. Qe3 Kg7 60. Qc3+ Kh7 61. Qe3 Rd3 62. Qe7 Qf5 63. Qe4 Rd2 64. Qe3 Rd6 65. Rf2 Qd7 66. Qf4 Kg7 67. Re2 Rd5 68. Qe3 Qc6 69. Qf4 Qc3 70. Qe3 Qa1 71. Qb3 Qa5 72. Qb2+ f6 73. Qb7+ Kh6 74. Qe7 Qd8 75. Qxd8 Rxd8 76. Kg2 Rd7 77. Re6 Kg7 78. Ra6 Kf7 79. Kf3 Ke7 80. Ke4 Rd1 81. Rb6 Rd6 82. Rb7+ Ke6 83. Rg7 f5+ 84. Ke3 Ke5 85. Re7+ Re6 86. Ra7 Rb6 87. Ra5+ Kf6 88. Ra4 g5 1/2-1/2

[Event "BL 2425 FC St. Pauli - SV Werder Bremen"]
[Site "?"]
[Date "2025.04.25"]
[Round "13.6"]
[White "Sawatzki, Frank"]
[Black "Wachinger, Nikolas"]
[Result "1/2-1/2"]
[WhiteElo "2342"]
[BlackElo "2452"]
[PlyCount "72"]
[EventDate "2025.??.??"]

1. e4 c5 2. Nf3 d6 3. Bb5+ Nd7 4. d4 cxd4 5. Qxd4 a6 6. Be2 e5 7. Qe3 Ngf6 8. Nc3 Be7 9. a4 Nc5 10. O-O O-O 11. Rd1 Bd7 12. b4 Ne6 13. a5 Rc8 14. Bb2 Qc7 15. g3 Nd8 16. Rab1 Nc6 17. Ba1 Bg4 18. Nd5 Nxd5 19. exd5 Bxf3 20. Qxf3 Nd4 21. Bxd4 exd4 22. Bd3 g6 23. Re1 Kg7 24. b5 axb5 25. Rxb5 Ra8 26. Reb1 Rfb8 27. Qe4 Bf6 28. Qe1 Bd8 29. Qe4 Rxa5 30. Qxd4+ Bf6 31. Qb6 Qxb6 32. Rxb6 Rxd5 33. Rxb7 Rxb7 34. Rxb7 Rc5 35. Kg2 h5 36. h4 d5 1/2-1/2

[Event "BL 2425 FC St. Pauli - SV Werder Bremen"]
[Site "?"]
[Date "2025.04.25"]
[Round "13.7"]
[White "Grigorian, Spartak"]
[Black "Voigt, Martin"]
[Result "1-0"]
[WhiteElo "2432"]
[BlackElo "2337"]
[PlyCount "63"]
[EventDate "2025.??.??"]

1. d4 d5 2. c4 e6 3. Nc3 Nc6 4. Nf3 Nf6 5. Bg5 dxc4 6. e4 h6 7. Bxf6 Qxf6 8. Bxc4 Bd7 9. e5 Qe7 10. a3 O-O-O 11. Qe2 Kb8 12. O-O-O a5 13. Kb1 g5 14. h3 Bg7 15. Qe3 f6 16. Nb5 fxe5 17. dxe5 Rhf8 18. Bd3 Qf7 19. Rhe1 b6 20. Qc1 Rc8 21. Qc4 Qe8 22. Nbd4 Nxd4 23. Nxd4 c5 24. Qa6 cxd4 25. Qxb6+ Ka8 26. Qxa5+ Kb8 27. Qb6+ Ka8 28. Be4+ Bc6 29. Rxd4 Bxe4+ 30. Rexe4 Rf4 31. Qa6+ Kb8 32. Rb4+ 1-0

[Event "BL 2425 FC St. Pauli - SV Werder Bremen"]
[Site "?"]
[Date "2025.04.25"]
[Round "13.8"]
[White "Jahncke, Giso"]
[Black "Colbow, Collin"]
[Result "0-1"]
[WhiteElo "2241"]
[BlackElo "2422"]
[PlyCount "80"]
[EventDate "2025.??.??"]

1. Nf3 Nf6 2. c4 e6 3. g3 d5 4. Bg2 Be7 5. O-O O-O 6. b3 d4 7. e3 c5 8. exd4 cxd4 9. d3 Nc6 10. Ba3 Re8 11. Re1 Bd6 12. Bxd6 Qxd6 13. Nbd2 h6 14. a3 a5 15. Qc2 e5 16. c5 Qe7 17. Rab1 Bf5 18. Nh4 Bh7 19. Ne4 Nxe4 20. Bxe4 Bxe4 21. Rxe4 Qe6 22. Qc4 g6 23. Re2 Kg7 24. Qb5 Qd5 25. Rbe1 Re7 26. f4 Rae8 27. f5 e4 28. Rf1 Rd7 29. fxg6 fxg6 30. dxe4 Rxe4 31. Qd3 Re6 32. Ref2 Ne5 33. Qd2 Ng4 34. Rf8 d3 35. Qf4 Qxc5+ 36. Kh1 Qd5+ 37. Rf3 Re1+ 38. Kg2 Re2+ 39. Kh1 Rxh2+ 40. Kg1 Qc5+ 0-1

[Event "BL 2425 OSG Baden-Baden - Schachfreunde "]
[Site "?"]
[Date "2025.04.25"]
[Round "13.2"]
[White "Kasimdzhanov, Rustam"]
[Black "Bluebaum, Matthias"]
[Result "1/2-1/2"]
[WhiteElo "2678"]
[BlackElo "2662"]
[PlyCount "41"]
[EventDate "2025.??.??"]

1. e4 e5 2. Nf3 Nf6 3. Nxe5 d6 4. Nf3 Nxe4 5. Nc3 Nxc3 6. dxc3 Be7 7. Be3 Nd7 8. Bd3 Nc5 9. Bxc5 dxc5 10. Qe2 O-O 11. O-O-O Bd6 12. Nd2 Qe7 13. Ne4 Bf4+ 14. Kb1 f5 15. Nd2 Qxe2 16. Bxe2 Be6 17. Bc4 Rae8 18. a4 Bxd2 19. Bxe6+ Rxe6 20. Rxd2 g6 21. Rhd1 1/2-1/2

[Event "BL 2425 OSG Baden-Baden - Schachfreunde "]
[Site "?"]
[Date "2025.04.25"]
[Round "13.3"]
[White "Gledura, Benjamin"]
[Black "Vitiugov, Nikita"]
[Result "0-1"]
[WhiteElo "2666"]
[BlackElo "2670"]
[PlyCount "84"]
[EventDate "2025.??.??"]

1. d4 Nf6 2. g3 d5 3. Bg2 Bf5 4. Nf3 c6 5. c4 e6 6. Nc3 h6 7. Qb3 Qb6 8. c5 Qxb3 9. axb3 Be7 10. h3 Ne4 11. b4 O-O 12. g4 Bh7 13. Bf4 Nd7 14. h4 g5 15. hxg5 hxg5 16. Be3 f6 17. Nd2 Nxd2 18. Bxd2 Kg7 19. e4 a6 20. f4 dxe4 21. Nxe4 gxf4 22. Bxf4 Rh8 23. Ke2 Bg6 24. Nd6 e5 25. dxe5 fxe5 26. Bg3 Bxd6 27. Rhd1 Nf6 28. Rxd6 Nxg4 29. Rd7+ Kf6 30. Rxb7 Rad8 31. Ra3 Nh2 32. Ke1 Bd3 33. Bxc6 e4 34. Rd7 Rxd7 35. Bxd7 Nf3+ 36. Kf2 Ne5 37. Bxe5+ Kxe5 38. c6 Kf4 39. Kg2 Rg8+ 40. Kh2 e3 41. Bh3 e2 42. Ra1 Rh8 0-1

[Event "BL 2425 OSG Baden-Baden - Schachfreunde "]
[Site "?"]
[Date "2025.04.25"]
[Round "13.4"]
[White "Bacrot, Etienne"]
[Black "Kamsky, Gata"]
[Result "1/2-1/2"]
[WhiteElo "2633"]
[BlackElo "2603"]
[PlyCount "40"]
[EventDate "2025.??.??"]

1. e4 c5 2. Nf3 e6 3. d4 cxd4 4. Nxd4 Nc6 5. Nc3 Qc7 6. Be2 a6 7. Nxc6 Qxc6 8. O-O b5 9. e5 Bb7 10. Bf3 Qc7 11. Bf4 Ne7 12. Bxb7 Qxb7 13. Qd3 Rc8 14. Rad1 Rc4 15. Ne2 Ng6 16. Bg3 Be7 17. c3 h5 18. h3 h4 19. Bh2 Rh5 20. Nd4 Rg5 1/2-1/2

[Event "BL 2425 OSG Baden-Baden - Schachfreunde "]
[Site "?"]
[Date "2025.04.25"]
[Round "13.5"]
[White "Banusz, Tamas"]
[Black "Shirov, Alexei"]
[Result "1-0"]
[WhiteElo "2592"]
[BlackElo "2650"]
[PlyCount "150"]
[EventDate "2025.??.??"]

1. Nf3 d5 2. g3 Nf6 3. Bg2 Bg4 4. h3 Bh5 5. c4 c6 6. O-O e6 7. Qb3 Qb6 8. d3 Nbd7 9. Qc2 dxc4 10. Qxc4 Bxf3 11. Bxf3 Ne5 12. Qf4 Nxf3+ 13. Qxf3 Be7 14. Nd2 O-O 15. Nc4 Qd4 16. Bd2 Rfd8 17. Rab1 Qd5 18. Kg2 Ne8 19. Rfc1 Qxf3+ 20. Kxf3 Nd6 21. Na5 Rd7 22. a4 Nf5 23. Bc3 Rc8 24. b4 b6 25. Nc4 f6 26. Ba1 b5 27. Na5 Rdc7 28. Rc2 bxa4 29. Ra2 c5 30. b5 Rb8 31. Nc4 Nd6 32. Nxd6 Bxd6 33. Rxa4 Kf7 34. Bc3 Rcb7 35. Bd2 Rxb5 36. Rxa7+ Be7 37. Rxb5 Rxb5 38. g4 e5 39. h4 Ke6 40. h5 Rb8 41. Bc1 Rc8 42. Ba3 g6 43. Ra6+ Bd6 44. e3 Kd5 45. Ke2 gxh5 46. gxh5 f5 47. e4+ Ke6 48. exf5+ Kd5 49. Ra7 Rc7 50. Rxc7 Bxc7 51. Kf3 Bd8 52. Bb2 Bh4 53. Bc3 Bg5 54. Kg4 Bh6 55. f3 Kd6 56. Be1 Kd5 57. Bh4 Bf8 58. Bd8 Bh6 59. Be7 Bd2 60. Bf8 Be3 61. Bg7 Bf4 62. Bf6 Bd2 63. Bg5 Ba5 64. f6 Ke6 65. f7 Kxf7 66. Kf5 Bc7 67. Bf6 Ba5 68. Bxe5 Be1 69. Bd6 Bf2 70. Bf4 Bd4 71. Bg5 Bf2 72. Ke5 Bg3+ 73. Kd5 Bf2 74. f4 Be3 75. Ke4 Bd2 1-0

[Event "BL 2425 OSG Baden-Baden - Schachfreunde "]
[Site "?"]
[Date "2025.04.25"]
[Round "13.6"]
[White "Movsesian, Sergei"]
[Black "Dautov, Rustem"]
[Result "1-0"]
[WhiteElo "2591"]
[BlackElo "2554"]
[PlyCount "75"]
[EventDate "2025.??.??"]

1. Nf3 d5 2. g3 c6 3. Bg2 Bg4 4. O-O Nd7 5. h3 Bh5 6. d3 Ngf6 7. Qe1 e5 8. e4 dxe4 9. dxe4 Bc5 10. Nbd2 O-O 11. Nc4 Re8 12. a4 a5 13. Nh4 Qc7 14. Bg5 h6 15. Bd2 b6 16. Kh1 Nf8 17. f4 exf4 18. gxf4 Rad8 19. e5 Nd5 20. Nf5 f6 21. Qh4 Be2 22. Rg1 Bxg1 23. Nxh6+ Kh8 24. Nf7+ Kg8 25. Ncd6 Ng6 26. Qg3 Bc5 27. Qxg6 Bxd6 28. Nxd6 Rf8 29. Be4 Rxd6 30. exd6 Qxd6 31. Re1 Rd8 32. Qh7+ Kf8 33. Rxe2 Nxf4 34. Rf2 Qd4 35. Rxf4 Qxd2 36. Qh8+ Kf7 37. Qh5+ Kg8 38. Rf1 1-0

[Event "BL 2425 OSG Baden-Baden - Schachfreunde "]
[Site "?"]
[Date "2025.04.25"]
[Round "13.7"]
[White "Graf, Alexander"]
[Black "Hagner, Bennet"]
[Result "1/2-1/2"]
[WhiteElo "2518"]
[BlackElo "2430"]
[PlyCount "99"]
[EventDate "2025.??.??"]

1. d4 Nf6 2. c4 e6 3. Nc3 Bb4 4. e3 O-O 5. Nge2 d5 6. a3 Be7 7. Ng3 c5 8. dxc5 dxc4 9. Bd2 Nbd7 10. Bxc4 Ne5 11. Be2 Nd3+ 12. Bxd3 Qxd3 13. b4 b6 14. c6 e5 15. Rc1 Be6 16. Qe2 Qxe2+ 17. Ncxe2 h5 18. e4 Rfc8 19. Nf5 Bf8 20. f3 b5 21. Kf2 Ne8 22. Nc3 a6 23. Nd5 Bxf5 24. exf5 Rd8 25. c7 Nxc7 26. Rxc7 Rxd5 27. Ke2 a5 28. bxa5 Bxa3 29. Rb7 Rad8 30. Be3 Bc5 31. Ra1 Bxe3 32. Kxe3 Rd2 33. Ra3 Rxg2 34. a6 Rdd2 35. Ke4 f6 36. f4 Rge2+ 37. Re3 Rd4+ 38. Kf3 Rxe3+ 39. Kxe3 Ra4 40. fxe5 Rxa6 41. e6 Kf8 42. Kd4 Ra2 43. Rf7+ Kg8 44. Kc5 h4 45. h3 Ra3 46. Rb7 Kf8 47. Rb8+ Ke7 48. Rb7+ Kf8 49. Rb8+ Ke7 50. Rb7+ {Ra4} 1/2-1/2

[Event "BL 2425 OSG Baden-Baden - Schachfreunde "]
[Site "?"]
[Date "2025.04.25"]
[Round "13.8"]
[White "Kocharin, Timur"]
[Black "Koellner, Ruben Gideon"]
[Result "1/2-1/2"]
[WhiteElo "2263"]
[BlackElo "2499"]
[PlyCount "243"]
[EventDate "2025.??.??"]

1. e4 d6 2. d4 Nf6 3. Nc3 e5 4. Nf3 Nbd7 5. a4 Be7 6. Bc4 O-O 7. O-O exd4 8. Nxd4 Re8 9. Re1 Ne5 10. Ba2 Bg4 11. f3 Bd7 12. Be3 a6 13. Qd2 c5 14. Nde2 b5 15. axb5 axb5 16. Nd5 Nxd5 17. Bxd5 Rxa1 18. Rxa1 Nc4 19. Bxc4 bxc4 20. Nc3 Be6 21. Nd5 Bf8 22. Rd1 Qd7 23. Qc3 Qa4 24. Bf4 Rb8 25. Nc7 Rd8 26. Nd5 Qa2 27. h3 Rb8 28. Bc1 Qa4 29. Bf4 Qb5 30. Ne3 Rb6 31. Nd5 Qxb2 32. Qxc4 Rb4 33. Qe2 Rd4 34. Rxd4 Qxd4+ 35. Qe3 Qd1+ 36. Kh2 Bxd5 37. exd5 Qxd5 38. Qe4 Qe6 39. c4 g6 40. g4 Qf6 41. Kg3 h6 42. Qd5 Kh7 43. Qe4 Be7 44. Be3 Qe6 45. Kg2 Bf6 46. Kf2 Be5 47. Qd3 f5 48. gxf5 Qxf5 49. Qxf5 gxf5 50. Ke2 Kg6 51. Bd2 Bg3 52. Be3 Kh5 53. Kf1 Be5 54. Bd2 Kg6 55. Ke2 Bg7 56. Bf4 Bf8 57. Ke3 Kf6 58. Kd3 Ke6 59. Kc3 Bg7+ 60. Kd3 d5 61. Bg3 Be5 62. Bf2 Bd6 63. Be3 Bf8 64. Bf4 Bg7 65. Be3 d4 66. Bf4 Bf8 67. Ke2 Kf6 68. Kd3 Kg6 69. Ke2 Kh5 70. Bg3 Be7 71. Kd3 Kg5 72. Ke2 Kg6 73. Bf4 Kh5 74. Bg3 Kg5 75. Kd3 Bd8 76. Ke2 Ba5 77. Kd3 Bb4 78. Kc2 Ba3 79. Kd2 Bb2 80. Kc2 Bc3 81. Kd3 Kf6 82. Bf4 h5 83. Ke2 Ke6 84. Kd3 Kd7 85. Be5 Ba5 86. Bf4 Bc7 87. Bd2 Bg3 88. Ke2 Ke6 89. Kd3 Kf6 90. Bh6 Bd6 91. Bd2 Kg6 92. Ke2 Kf7 93. Ba5 Ke6 94. Bd8 Bf4 95. Kd3 Kd7 96. Bf6 Kc7 97. Be7 Bd6 98. Bg5 Kb6 99. Bd8+ Ka6 100. Kc2 Bb8 101. Be7 Ba7 102. Bg5 Bb6 103. Bd2 Bc7 104. Kd3 Ba5 105. Bg5 Be1 106. Bd8 Bg3 107. Kc2 Kb7 108. Be7 Kb6 109. Bd8+ Kc6 110. Kd3 Kd7 111. Bg5 Ke6 112. Bd2 Ke5 113. Ke2 Kf6 114. Ba5 Bd6 115. Bd2 Bc7 116. Kd3 Bg3 117. Ke2 Bh2 118. Ba5 Ke6 119. Bd8 Bd6 120. Bg5 Be7 121. Bf4 Kf6 122. Kd3 1/2-1/2

[Event "BL 2425 SV Deggendorf - FC Bayern Münch"]
[Site "?"]
[Date "2025.04.25"]
[Round "13.1"]
[White "Tabatabaei, M. Amin"]
[Black "Indjic, Aleksandar"]
[Result "1-0"]
[WhiteElo "2661"]
[BlackElo "2644"]
[PlyCount "129"]
[EventDate "2025.??.??"]

1. d4 Nf6 2. c4 c5 3. d5 g6 4. Nc3 Bg7 5. e4 d6 6. Be2 e6 7. Nf3 O-O 8. O-O Re8 9. h3 exd5 10. exd5 Nbd7 11. Bg5 h6 12. Bf4 Nf8 13. Bh2 a6 14. Bd3 b6 15. Qc2 Ra7 16. Rab1 N8h7 17. Qd2 Nh5 18. Rfe1 Rxe1+ 19. Rxe1 Bf8 20. g4 N5f6 21. Bf4 h5 22. g5 Ne8 23. Kg2 Qd7 24. Rh1 Ng7 25. Nh4 Qd8 26. Be3 Re7 27. f4 Qe8 28. Bf2 Bd7 29. Re1 Qc8 30. Rxe7 Bxe7 31. Qe3 Qd8 32. Be1 Nf8 33. b3 f5 34. a4 Qe8 35. Bd2 Bd8 36. Qf2 Qf7 37. Kf1 Ne8 38. Ne2 Nc7 39. Bc3 a5 40. Ba1 Qh7 41. Ng3 Ne8 42. Qc2 Ng7 43. Kf2 Kf7 44. Qc3 Ne8 45. Ne2 Kg8 46. Qc1 Kf7 47. Nc3 Nc7 48. Nd1 Ne8 49. Ne3 Kg8 50. Nf3 Be7 51. Kg2 Bd8 52. Nc2 Nc7 53. Na3 Bc8 54. Qc3 Bd7 55. Kf2 Bc8 56. Bb2 Bd7 57. Nh4 Bc8 58. Ng2 Kf7 59. Qe1 Be7 60. Nb5 Nxb5 61. cxb5 Ke8 62. Ne3 Kd7 63. Nc4 Bd8 64. Nxd6 Qe7 65. Be5 1-0

[Event "BL 2425 SV Deggendorf - FC Bayern Münch"]
[Site "?"]
[Date "2025.04.25"]
[Round "13.2"]
[White "Ghosh, Diptayan"]
[Black "Santos Latasa, Jaime"]
[Result "1/2-1/2"]
[WhiteElo "2573"]
[BlackElo "2616"]
[PlyCount "40"]
[EventDate "2025.??.??"]

1. Nf3 Nf6 2. g3 c5 3. Bg2 Nc6 4. O-O e5 5. c4 d5 6. Qa4 Bd6 7. d4 exd4 8. cxd5 Nxd5 9. Nxd4 cxd4 10. Bxd5 Qb6 11. Rd1 O-O 12. Bxc6 bxc6 13. Qxd4 Bc5 14. Qf4 Be6 15. Nc3 Rfd8 16. b3 Rxd1+ 17. Nxd1 Qa6 18. Qe5 Rd8 19. Bb2 Bf8 20. Nc3 Rd2 1/2-1/2

[Event "BL 2425 SV Deggendorf - FC Bayern Münch"]
[Site "?"]
[Date "2025.04.25"]
[Round "13.3"]
[White "Idani, Pouya"]
[Black "Sankalp Gupta"]
[Result "1/2-1/2"]
[WhiteElo "2618"]
[BlackElo "2548"]
[PlyCount "132"]
[EventDate "2025.??.??"]

1. e4 e6 2. d4 d5 3. e5 c5 4. c3 Nc6 5. Nf3 Bd7 6. Be2 f6 7. Bb5 Qb6 8. a4 a6 9. Bxc6 Qxc6 10. O-O Ne7 11. dxc5 Qxc5 12. Re1 Ng6 13. Nbd2 Qc7 14. Nb3 O-O-O 15. Qd4 Nxe5 16. Nxe5 fxe5 17. Rxe5 Bd6 18. Bf4 Qc4 19. Nd2 Qxd4 20. cxd4 Rdf8 21. Bg3 Bxe5 22. Bxe5 Rf7 23. a5 Bc6 24. Nb3 Kd7 25. Nc5+ Ke7 26. Re1 Re8 27. h4 Kf8 28. f3 Kg8 29. Kf2 h5 30. Ke3 Bb5 31. Kd2 Bc6 32. Bh2 Rf6 33. Be5 Rf7 34. b3 Kh7 35. Nd3 Rf5 36. Nf4 Bd7 37. Ne2 Rff8 38. Nf4 Kh6 39. Nd3 Bc6 40. Ke3 Kh7 41. Bd6 Rf5 42. g4 hxg4 43. fxg4 Rf6 44. Ne5 Bb5 45. Rc1 Rf1 46. Rxf1 Bxf1 47. b4 Bb5 48. Kf4 Rc8 49. Bc5 Rc7 50. Kg5 Be8 51. h5 Kg8 52. Kh4 Bb5 53. g5 Be2 54. g6 Bd1 55. Nd3 Rc8 56. Kg5 Rc6 57. Ne5 Rc7 58. h6 gxh6+ 59. Kxh6 Be2 60. Bd6 Rc1 61. Nd7 Rh1+ 62. Kg5 Rf1 63. Nf6+ Kg7 64. Ne8+ Kg8 65. Nf6+ Kg7 66. Ne8+ Kg8 1/2-1/2

[Event "BL 2425 SV Deggendorf - FC Bayern Münch"]
[Site "?"]
[Date "2025.04.25"]
[Round "13.4"]
[White "Krivoborodov, Egor"]
[Black "Alonso Rosell, Alvar"]
[Result "0-1"]
[WhiteElo "2540"]
[BlackElo "2546"]
[PlyCount "128"]
[EventDate "2025.??.??"]

1. d4 Nf6 2. Bf4 d5 3. e3 e6 4. Nf3 c5 5. Nbd2 Nc6 6. c3 cxd4 7. exd4 Nh5 8. Be3 Bd6 9. Bd3 Nf4 10. Bxf4 Bxf4 11. O-O O-O 12. Re1 Qc7 13. g3 Bh6 14. Ne5 f6 15. Ng4 Bxd2 16. Qxd2 e5 17. Ne3 Be6 18. Bf1 Rad8 19. Bg2 e4 20. f3 f5 21. f4 Ne7 22. h4 h6 23. Bf1 g5 24. hxg5 hxg5 25. Ng2 Kf7 26. Be2 Rh8 27. Kf2 Rh2 28. Rh1 Rdh8 29. Rxh2 Rxh2 30. Rf1 gxf4 31. Qxf4 Qxf4+ 32. gxf4 Rh3 33. Re1 Ng6 34. Rf1 Kf6 35. Kg1 Ne7 36. Kf2 Bf7 37. Re1 Ke6 38. Rg1 Ng6 39. Rf1 a6 40. a3 Be8 41. Kg1 Ba4 42. Rc1 b5 43. Kf2 Bb3 44. Re1 Bc4 45. Bd1 a5 46. Re3 Rh1 47. Re1 Rh2 48. Kg3 Rxg2+ 49. Kxg2 Nxf4+ 50. Kh2 a4 51. Rg1 Kf6 52. Kg3 Nd3 53. Bc2 f4+ 54. Kg4 Nf2+ 55. Kh4 e3 56. Rg6+ Kf7 57. Rg1 Bd3 58. Bd1 Nxd1 59. Rxd1 Be2 60. Re1 f3 61. Kg3 f2 62. Rxe2 f1=Q 63. Rxe3 Qd1 64. Rf3+ Kg6 0-1

[Event "BL 2425 SV Deggendorf - FC Bayern Münch"]
[Site "?"]
[Date "2025.04.25"]
[Round "13.5"]
[White "Blohberger, Felix"]
[Black "Petrov, Martin"]
[Result "1/2-1/2"]
[WhiteElo "2511"]
[BlackElo "2538"]
[PlyCount "69"]
[EventDate "2025.??.??"]

1. e4 c5 2. Nf3 d6 3. d4 cxd4 4. Nxd4 Nf6 5. Nc3 a6 6. f3 e5 7. Nb3 Be6 8. Be3 Be7 9. Qd2 O-O 10. O-O-O Nbd7 11. g4 b5 12. g5 Nh5 13. Kb1 Nb6 14. Na5 Qc7 15. Nd5 Nxd5 16. exd5 Bf5 17. Nc6 f6 18. h4 Ng3 19. Rg1 Nxf1 20. Rdxf1 fxg5 21. hxg5 Rf7 22. f4 exf4 23. Bxf4 Bf8 24. Re1 Qd7 25. Ka1 Re8 26. Rxe8 Qxe8 27. Re1 Qd7 28. c3 Bg6 29. Nd4 Qg4 30. Ne6 Be7 31. b3 Qf3 32. Kb2 Be4 33. Re3 Qh1 34. Re1 Qf3 35. Re3 1/2-1/2

[Event "BL 2425 SV Deggendorf - FC Bayern Münch"]
[Site "?"]
[Date "2025.04.25"]
[Round "13.6"]
[White "Bogosavljevic, Boban"]
[Black "Girel, Joseph"]
[Result "1/2-1/2"]
[WhiteElo "2483"]
[BlackElo "2490"]
[PlyCount "46"]
[EventDate "2025.??.??"]

1. Nf3 d5 2. g3 Nd7 3. d4 Nb6 4. a4 a5 5. b3 c6 6. Ba3 h6 7. Bg2 Bf5 8. O-O Nf6 9. Nc3 Nbd7 10. Ne5 e6 11. Bxf8 Nxf8 12. f3 N8d7 13. e4 Bh7 14. Nxd7 Nxd7 15. exd5 cxd5 16. Nb5 O-O 17. Qe2 Rc8 18. Rac1 b6 19. Rfd1 Qe7 20. c3 Nf6 21. Bh3 Rfd8 22. Qe5 Bg6 23. Bf1 Kh7 1/2-1/2

[Event "BL 2425 SV Deggendorf - FC Bayern Münch"]
[Site "?"]
[Date "2025.04.25"]
[Round "13.7"]
[White "Bischoff, Klaus"]
[Black "Delchev, Aleksander"]
[Result "1/2-1/2"]
[WhiteElo "2425"]
[BlackElo "2455"]
[PlyCount "41"]
[EventDate "2025.??.??"]

1. c4 e5 2. d3 Nf6 3. Nf3 Nc6 4. e3 d5 5. cxd5 Nxd5 6. a3 Bd6 7. Nbd2 O-O 8. Qc2 Qe7 9. Be2 Bd7 10. O-O Kh8 11. b4 a5 12. bxa5 Rxa5 13. Nc4 Ra7 14. e4 Nf6 15. Nxd6 cxd6 16. Be3 Raa8 17. Rfb1 b5 18. h3 Rfc8 19. Qb2 h6 20. Rc1 Rcb8 21. Rc2 1/2-1/2

[Event "BL 2425 SV Deggendorf - FC Bayern Münch"]
[Site "?"]
[Date "2025.04.25"]
[Round "13.8"]
[White "Sedlak, Nikola"]
[Black "Johansson, Linus"]
[Result "1/2-1/2"]
[WhiteElo "2452"]
[BlackElo "2392"]
[PlyCount "51"]
[EventDate "2025.??.??"]

1. d4 Nf6 2. Nf3 e6 3. Bf4 b6 4. e3 Bb7 5. Nbd2 Be7 6. h3 O-O 7. Bd3 d6 8. O-O c5 9. c3 cxd4 10. exd4 Nbd7 11. Qe2 Re8 12. Nc4 Nf8 13. Nfd2 Ng6 14. Bg3 Nd5 15. f4 Bf8 16. Rae1 b5 17. Ne3 Nxe3 18. Qxe3 Qb6 19. Qf2 Ne7 20. Bh4 Nf5 21. g4 Nxh4 22. Qxh4 g6 23. f5 exf5 24. gxf5 Rxe1 25. Rxe1 b4 26. Ne4 1/2-1/2